000
00192 a2200097 4500
001
2876
100
_a
Klei
245
_a
Grand Deception
260
_a
_b
Faber & Faber
_c
090
_c
2169
_d
2169
942
_a
NUST-CAE
_c
M
_c
12991
999
_c
237949
_d
237949